Universidad y educación indígena: perspectivas, investigaciones y discusiones /
محفوظ في:
| المؤلف الرئيسي: | |
|---|---|
| مؤلفون آخرون: | , , |
| التنسيق: | كتاب |
| اللغة: | Spanish |
| منشور في: |
San José, Costa Rica :
INIE,
2018
|
| سلاسل: | Colección Yigüirro
|
| الموضوعات: | |
| الوسوم: |
إضافة وسم
لا توجد وسوم, كن أول من يضع وسما على هذه التسجيلة!
|
MARC
| LEADER | 00000nam a2200000Ia 4500 | ||
|---|---|---|---|
| 008 | 150427b201 c ||||| |||| 00| 0 spa d | ||
| 999 | |c 2 |d 2 | ||
| 022 | |a 9789968527507 | ||
| 090 | |a 06.03.06 |b 1909 | ||
| 100 | |9 1099 |a Camacho Brown, Lolita | ||
| 245 | 1 | 0 | |a Universidad y educación indígena: perspectivas, investigaciones y discusiones / |c Lolita Camacho Brown, Teresita Cordero Cordero, Wendy Páez Cerdas y Hannia Watson Soto |
| 260 | |a San José, Costa Rica : |b INIE, |c 2018 | ||
| 300 | |a 202 páginas; |b ilustraciones | ||
| 490 | |a Colección Yigüirro | ||
| 650 | 1 | 4 | |a EDUCACIÓN SUPERIOR |9 8 |
| 650 | 1 | 4 | |a POBLACIÓN INDÍGENA |9 490 |
| 650 | 1 | 4 | |a EDUCACIÓN INTERCULTURAL |9 485 |
| 650 | 1 | 4 | |a TRADICIÓN ORAL |9 2593 |
| 700 | |9 715 |a Cordero Cordero, Teresita | ||
| 700 | 1 | |9 154 |a Páez Cerdas, Wendy | |
| 700 | |9 1104 |a Watson Soto, Hannia | ||
| 856 | |t http://repositorio.inie.ucr.ac.cr/jspui/handle/123456789/485 | ||
| 942 | |i 004539,004538 |h 06.03.06 1909 |2 z |c 01 | ||
